[Event "TCh-RUS HL 2019"]
[Site "Sochi RUS"]
[Date "2019.05.07"]
[Round "6.4"]
[Board "4"]
[White "Pogosian, Georgy"]
[Black "Gurtovoy, Kamo"]
[Result "0-1"]
[WhiteTitle "FM"]
[WhiteElo "2088"]
[BlackElo "2278"]
[WhiteTeam "Metrum Group (Smolensk region)"]
[BlackTeam "Grandmaster Academy / Chess-trans"]
[WhiteFideId "4119088"]
[BlackFideId "4134060"]
[EventDate "2019.05.01"]

1. d4 Nf6 2. Nf3 g6 3. c4 Bg7 4. Nc3 c5 5. d5 O-O 6. e4 d6 7. h3 e6 8. Bd3 exd5
9. exd5 Re8+ 10. Be3 Nh5 11. O-O f5 12. Bg5 Qb6 13. Re1 Bd7 14. Qd2 Na6 15. a3
Nc7 16. Rab1 Rxe1+ 17. Rxe1 Re8 18. Rxe8+ Nxe8 19. Qe2 h6 20. Bc1 Qd8 21. Bd2
Kf7 22. Qd1 Qe7 23. b4 b6 24. Qc2 Kf8 25. g3 Kf7 26. Qc1 g5 27. h4 g4 28. Ne1 f4
29. Qc2 fxg3 30. fxg3 Nxg3 31. Ng2 Kg8 32. Bf4 Bd4+ 33. Kh2 Nh5 34. Ne2 Bf2 35.
Bf5 Bxf5 36. Qxf5 Qxe2 0-1

[Event "TCh-RUS HL 2019"]
[Site "Sochi RUS"]
[Date "2019.05.07"]
[Round "6.5"]
[Board "1"]
[White "Lugovskoy, Maxim"]
[Black "Antonenko, Vladimir"]
[Result "1-0"]
[WhiteTitle "GM"]
[BlackTitle "FM"]
[WhiteElo "2445"]
[BlackElo "2387"]
[WhiteTeam "Sochi (Krasnodar Territory)"]
[BlackTeam "NGTU-NETI (Novosibirsk region)"]
[WhiteFideId "24126454"]
[BlackFideId "24159409"]
[EventDate "2019.05.01"]

1. d4 d5 2. c4 e6 3. Nf3 Nf6 4. g3 Bb4+ 5. Bd2 Be7 6. Bg2 O-O 7. O-O Nbd7 8. Qc2
Ne4 9. Nc3 Nxd2 10. Nxd2 c6 11. e4 dxc4 12. Nxc4 Nb6 13. Nxb6 Qxb6 14. Rad1 e5
15. dxe5 Qc5 16. Kh1 Qxe5 17. f4 Qa5 18. Qe2 b5 19. a3 Ba6 20. Qc2 b4 21. axb4
Qxb4 22. Rfe1 Bc4 23. Ra1 Bb3 24. Qf2 Bc5 25. Qf3 f6 26. e5 fxe5 27. Rxe5 Bd4
28. Ree1 Rf6 29. Re4 Qb6 30. Rae1 Raf8 31. Re7 a5 32. Ne4 Re6 33. Rxe6 Bxe6 34.
Ng5 Bf5 35. g4 Bg6 36. f5 Bf7 37. Nxf7 Kxf7 38. f6 Kg8 39. g5 gxf6 40. Qh5 Qc5
41. Be4 f5 42. g6 hxg6 43. Qxg6+ Bg7 44. Bxc6 Rf6 45. Qe8+ Kh7 46. Bg2 Rh6 47.
Qf7 Rf6 48. Qd7 Qf2 49. Rf1 Qxb2 50. Bh3 Rg6 51. Qd5 Be5 52. Bg2 a4 53. Rxf5 Kh6
54. Qf3 a3 55. Qe3+ Kh7 56. Rh5+ Kg7 57. Qa7+ Kf6 58. Qa6+ Kg7 59. Qa7+ Kf6 60.
Qa6+ Kg7 61. Qa7+ Kf8 62. Qc5+ Bd6 63. Qf5+ Qf6 64. Qc8+ Ke7 65. Rh7+ Rg7 66.
Qb7+ Kf8 67. Rh8+ Rg8 68. Qa8+ Ke7 69. Rxg8 Qa1+ 70. Bf1 Qxf1+ 71. Rg1 Qf4 72.
Re1+ Kf6 73. Qh8+ Kf7 74. Qe8+ Kg7 75. Rg1+ Kf6 76. Rg6+ 1-0

[Event "TCh-RUS HL 2019"]
[Site "Sochi RUS"]
[Date "2019.05.07"]
[Round "6.5"]
[Board "2"]
[White "Bublei, Pavel"]
[Black "Oganian, Miran"]
[Result "0-1"]
[WhiteTitle "FM"]
[BlackTitle "IM"]
[WhiteElo "2370"]
[BlackElo "2415"]
[WhiteTeam "NGTU-NETI (Novosibirsk region)"]
[BlackTeam "Sochi (Krasnodar Territory)"]
[WhiteFideId "24112593"]
[BlackFideId "4122488"]
[EventDate "2019.05.01"]

1. d4 Nf6 2. c4 c5 3. d5 e6 4. Nf3 d6 5. Nc3 exd5 6. cxd5 g6 7. e4 Bg7 8. h3 O-O
9. Bd3 b5 10. Nxb5 Re8 11. O-O Nxe4 12. Re1 a6 13. Na3 Nf6 14. Rxe8+ Nxe8 15.
Nc4 Bb7 16. Bf4 Qc7 17. Rc1 Nd7 18. b4 cxb4 19. Nxd6 Bc3 20. Nxb7 Qxf4 21. Na5
Nc5 22. Nb3 Nxb3 23. axb3 Nd6 24. g3 Qf6 25. Rc2 a5 26. Kg2 Rc8 27. Re2 Rc5 28.
Bc2 Qd8 29. Re3 Qa8 30. Rd3 Bf6 31. h4 Qc8 32. Ne1 Kg7 33. h5 Bc3 34. Nf3 Qg4
35. hxg6 hxg6 36. Re3 Bf6 37. Qd3 Qh5 38. Qa6 Rxc2 39. Qxd6 Rc1 40. Nh2 Rd1 41.
Rf3 Bc3 42. Qf4 Qxd5 43. Ng4 Bd4 44. Qh6+ Kg8 45. Ne3 Rg1+ 0-1

[Event "TCh-RUS HL 2019"]
[Site "Sochi RUS"]
[Date "2019.05.07"]
[Round "6.5"]
[Board "3"]
[White "Zakaryan, David"]
[Black "Gubsky, Egor"]
[Result "1-0"]
[WhiteTitle "FM"]
[BlackTitle "FM"]
[WhiteElo "2350"]
[BlackElo "2290"]
[WhiteTeam "Sochi (Krasnodar Territory)"]
[BlackTeam "NGTU-NETI (Novosibirsk region)"]
[WhiteFideId "24101923"]
[BlackFideId "4194055"]
[EventDate "2019.05.01"]

1. e4 c5 2. Nf3 Nc6 3. d4 cxd4 4. Nxd4 e6 5. Nc3 Qc7 6. Be2 a6 7. O-O Nf6 8. Be3
Be7 9. f4 d6 10. Kh1 O-O 11. Qe1 Nxd4 12. Bxd4 b5 13. e5 dxe5 14. Bxe5 Qb6 15.
Qh4 Bb7 16. Bd3 h6 17. Rae1 Qd8 18. Qg3 Ne8 19. Qh3 b4 20. Nd1 Bf6 21. f5 Bxe5
22. Rxe5 exf5 23. Qxf5 Nf6 24. Ne3 Bc8 25. Qf4 Qc7 26. Qg3 Nd7 27. Nf5 Qxe5 28.
Nxh6+ Kh8 29. Qh4 f6 30. Ng4+ Kg8 31. Bc4+ 1-0

[Event "TCh-RUS HL 2019"]
[Site "Sochi RUS"]
[Date "2019.05.07"]
[Round "6.5"]
[Board "4"]
[White "Kolmagorov, Alexey"]
[Black "Utnasunov, Alexander"]
[Result "0-1"]
[WhiteElo "2180"]
[BlackElo "2437"]
[WhiteTeam "NGTU-NETI (Novosibirsk region)"]
[BlackTeam "Sochi (Krasnodar Territory)"]
[WhiteFideId "34129402"]
[BlackFideId "4134524"]
[EventDate "2019.05.01"]

1. d4 d5 2. c4 c6 3. Nf3 Nf6 4. Qb3 e6 5. g3 Be7 6. Bg2 O-O 7. O-O Nbd7 8. Nc3
b6 9. cxd5 cxd5 10. Bf4 Nh5 11. Bd2 Bb7 12. Rfc1 Rc8 13. a4 a6 14. Na2 Bd6 15.
Rxc8 Qxc8 16. Rc1 Qb8 17. Bb4 Nhf6 18. Ne5 Bxb4 19. Nxd7 Nxd7 20. Qxb4 Rc8 21.
Rc3 h5 22. h4 a5 23. Rxc8+ Qxc8 24. Qc3 Bc6 25. Qc2 Nb8 26. Bf3 g6 27. e3 Qd7
28. b3 b5 29. axb5 Bxb5 30. Nc3 Bc6 31. Be2 Qb7 32. Na4 Bxa4 33. bxa4 Nd7 34.
Bb5 Nf6 35. Qc3 Qb6 36. Bd3 Kg7 37. Kg2 Ne8 38. Bb5 Nd6 39. Bd3 Nc4 40. Bxc4 Qc7
41. Kf1 Kg8 42. Ke2 dxc4 43. Kd2 Kh7 44. Qa3 Qb7 45. Qc3 Qf3 46. Ke1 Qc6 47.
Qxa5 c3 48. Kd1 Qc4 49. Kc2 Qe2+ 0-1

[Event "TCh-RUS HL 2019"]
[Site "Sochi RUS"]
[Date "2019.05.07"]
[Round "6.6"]
[Board "1"]
[White "Konovalov, Viatcheslav"]
[Black "Pogorelskikh, Sergey"]
[Result "1/2-1/2"]
[BlackTitle "FM"]
[WhiteElo "1941"]
[BlackElo "2296"]
[WhiteTeam "MBU Samara Ladya"]
[BlackTeam "Volga (Samara region)"]
[WhiteFideId "4194772"]
[BlackFideId "4187024"]
[EventDate "2019.05.01"]

1. d4 Nf6 2. Nf3 g6 3. e3 Bg7 4. b4 O-O 5. c4 b6 6. Bb2 Bb7 7. Nbd2 d6 8. Qb3
Nbd7 9. Be2 Ne4 10. Nxe4 Bxe4 11. O-O e5 12. Nd2 Bb7 13. Bf3 Bxf3 14. Nxf3 Re8
15. dxe5 Nxe5 16. Nxe5 Bxe5 17. Bxe5 Rxe5 18. Rad1 a5 19. b5 Qe7 20. Rd5 Re4 21.
Rd4 Rxd4 22. exd4 Re8 23. a4 Qf6 24. Qd3 Qf5 25. Qxf5 gxf5 26. c5 dxc5 27. dxc5
bxc5 28. f3 Re5 29. Kf2 Kf8 30. Rb1 Ke7 31. b6 cxb6 32. Rxb6 Kd7 33. Rb5 Kc6 34.
Rxa5 Kd5 35. Ra7 Kd4 36. Rd7+ Rd5 37. Rxf7 h5 38. a5 c4 39. a6 Ra5 40. Rd7+ Ke5
41. a7 h4 42. Ke3 Ra3+ 43. Kd2 Ke6 44. Rh7 Kd5 45. Kc2 Kc5 46. Kb2 Ra4 47. Rf7
Kd4 48. g4 hxg3 49. hxg3 Ke5 50. Kc3 Ke6 51. Rb7 Ke5 52. Rh7 Kd5 53. Rh5 Ke6 54.
Rh6+ Kd5 55. Rh7 Ke5 56. Rc7 Kd6 57. Rxc4 Rxa7 58. Kd4 Ra6 59. Ke3 Ke6 60. Kf4
Kf6 61. g4 fxg4 62. Kxg4 Rb6 63. f4 Ra6 64. Rc5 Rb6 65. Rh5 Kg7 66. Kg5 Rb5+ 67.
f5 Ra5 68. Rh1 Rb5 69. Ra1 Rb7 70. Ra6 Rc7 71. Rg6+ Kf7 72. Rh6 Rc5 73. Rh7+ Kg8
74. Ra7 Rc6 75. Kf4 Rb6 76. Ke5 Kf8 77. Rh7 Ke8 78. Rc7 Ra6 79. Rb7 Kf8 80. Kd5
Rf6 81. Rb8+ Kf7 82. Ke5 Ra6 83. Rb7+ Kf8 84. Rd7 Rb6 85. Ra7 Rc6 86. Ra5 Rb6
87. Rd5 Ra6 88. Kf4 Rb6 89. Kg5 Ra6 90. Re5 Rb6 91. f6 Rb1 92. Kf5 Ra1 93. Re4
Kf7 94. Re7+ 1/2-1/2

[Event "TCh-RUS HL 2019"]
[Site "Sochi RUS"]
[Date "2019.05.07"]
[Round "6.6"]
[Board "2"]
[White "Alieva, Alexandra"]
[Black "Tolstykh, Dmitri"]
[Result "1-0"]
[WhiteTitle "WFM"]
[WhiteElo "2122"]
[BlackElo "1550"]
[WhiteTeam "Volga (Samara region)"]
[BlackTeam "MBU Samara Ladya"]
[WhiteFideId "24133353"]
[BlackFideId "34189154"]
[EventDate "2019.05.01"]

1. e4 c5 2. b3 d6 3. f4 e5 4. Nf3 Bg4 5. Bb2 exf4 6. Bb5+ Nd7 7. O-O a6 8. Bxd7+
Qxd7 9. d4 Nf6 10. Nbd2 Be7 11. Qe1 O-O 12. dxc5 dxc5 13. Ne5 Qc7 14. Rxf4 Bd6
15. Ndc4 Rfe8 16. Rxf6 gxf6 17. Nxg4 Be5 18. Ncxe5 fxe5 19. Nf6+ Kg7 20. Nxe8+
Rxe8 21. Qg3+ Kh8 22. Rf1 Qd6 23. Rxf7 Qd1+ 24. Rf1 Qd6 25. h3 h6 26. Rf7 1-0

[Event "TCh-RUS HL 2019"]
[Site "Sochi RUS"]
[Date "2019.05.07"]
[Round "6.6"]
[Board "3"]
[White "Tolstykh, Arina"]
[Black "Gutkovich, Polina"]
[Result "0-1"]
[WhiteElo "1599"]
[BlackElo "1980"]
[WhiteTeam "MBU Samara Ladya"]
[BlackTeam "Volga (Samara region)"]
[WhiteFideId "34188840"]
[BlackFideId "34111597"]
[EventDate "2019.05.01"]

1. d4 Nf6 2. c4 c5 3. d5 e6 4. Nc3 exd5 5. cxd5 d6 6. e4 g6 7. Bd3 Bg7 8. Nf3
Bg4 9. h3 Bxf3 10. Qxf3 a6 11. a4 O-O 12. O-O Nbd7 13. Bf4 Qc7 14. Rac1 Nh5 15.
Bh2 Ne5 16. Qe3 Rae8 17. b4 cxb4 18. Nb5 Qb8 19. Nd4 Nf6 20. Be2 Ned7 21. Bf3
Nxd5 22. Qd2 Nc3 23. Nc2 Ne5 24. Nxb4 Nxa4 25. Rfd1 Nb2 26. Rf1 Nbc4 27. Qd5 Rc8
28. Nd3 Rfd8 29. Nxe5 dxe5 30. Rxc4 Rxd5 31. Rxc8+ Qxc8 32. exd5 Qd7 33. Re1 b5
34. Bxe5 Bxe5 35. Rxe5 b4 36. Re1 a5 37. Rb1 Qf5 38. Rb2 Qd3 0-1

[Event "TCh-RUS HL 2019"]
[Site "Sochi RUS"]
[Date "2019.05.07"]
[Round "6.7"]
[Board "1"]
[White "Navrodskiy, Boris"]
[Black "Smirnov, Timofey"]
[Result "0-1"]
[WhiteTitle "FM"]
[BlackTitle "FM"]
[WhiteElo "2264"]
[BlackElo "2354"]
[WhiteTeam "BYCP (Moscow)"]
[BlackTeam "School for Summer Sports (Moscow"]
[WhiteFideId "24176826"]
[BlackFideId "24176427"]
[EventDate "2019.05.01"]

1. d4 d5 2. c4 c6 3. Nf3 Nf6 4. e3 Bf5 5. Nc3 e6 6. Qb3 Qb6 7. c5 Qc7 8. Be2 b6
9. cxb6 axb6 10. Bd2 Nbd7 11. O-O Be7 12. a4 h6 13. Rfc1 O-O 14. Be1 Rfc8 15.
Nd2 e5 16. dxe5 Nxe5 17. Nb5 Qb8 18. Nd4 Bd7 19. N2f3 Bd6 20. Nxe5 Bxe5 21. Nf3
Bd6 22. h3 Ne4 23. Qd1 Re8 24. b4 Qb7 25. Qb3 Re6 26. Kh1 Rf6 27. Qb2 Bb8 28. b5
Qc7 29. g3 c5 30. Kg2 Rg6 31. Ng1 Nxg3 32. fxg3 Rxg3+ 33. Bxg3 Qxg3+ 34. Kf1 Be5
35. Qa3 Bxa1 36. Rxa1 Re8 37. e4 Qf4+ 38. Qf3 Qe5 39. Rd1 dxe4 40. Qe3 Be6 41.
Rc1 Ra8 42. Bc4 Rxa4 43. Bxe6 Qxe6 44. Ne2 Rb4 45. Re1 Rb3 0-1

[Event "TCh-RUS HL 2019"]
[Site "Sochi RUS"]
[Date "2019.05.07"]
[Round "6.7"]
[Board "2"]
[White "Tsoi, Dmitry"]
[Black "Cherednichenko, Dmitrij"]
[Result "0-1"]
[WhiteTitle "FM"]
[BlackTitle "FM"]
[WhiteElo "2317"]
[BlackElo "2257"]
[WhiteTeam "School for Summer Sports (Moscow"]
[BlackTeam "BYCP (Moscow)"]
[WhiteFideId "24194697"]
[BlackFideId "44111436"]
[EventDate "2019.05.01"]

1. f4 d5 2. Nf3 g6 3. e3 c5 4. d4 Bg7 5. c3 Qc7 6. Bd3 Nh6 7. O-O O-O 8. Qe2 Bf5
9. Ne5 Bxd3 10. Nxd3 Nd7 11. g4 f5 12. g5 Nf7 13. Nd2 Nd6 14. h4 Ne4 15. Nxe4
fxe4 16. Nf2 e5 17. dxe5 Bxe5 18. c4 Bg7 19. cxd5 Rae8 20. h5 Nb6 21. Rd1 gxh5
22. Qxh5 Rd8 23. Kg2 Rxd5 24. Rh1 Bh8 25. Ng4 Rfd8 26. f5 Nc4 27. g6 Ne5 28. Rh4
Nxg6 29. Rh3 R8d7 30. Rg3 Bg7 31. Qh3 Rxf5 32. Nh6+ Bxh6 33. Qxf5 Qc6 34. Qh5
Bg7 35. Kh1 Qf6 36. Qe2 Qh4+ 37. Kg2 Be5 38. Rh3 Qg5+ 39. Kh1 Qd8 40. Qc4+ Kh8
41. Qxe4 Rd1+ 42. Kg2 Qg5+ 43. Kf3 Qf4+ 0-1

[Event "TCh-RUS HL 2019"]
[Site "Sochi RUS"]
[Date "2019.05.08"]
[Round "7.1"]
[Board "1"]
[White "Triapishko, Alexandr"]
[Black "Goryachkina, Aleksandra"]
[Result "1/2-1/2"]
[WhiteTitle "IM"]
[BlackTitle "GM"]
[WhiteElo "2506"]
[BlackElo "2522"]
[WhiteTeam "Krym Nash"]
[BlackTeam "Yamal (YaNAO)"]
[WhiteFideId "14122286"]
[BlackFideId "4147103"]
[EventDate "2019.05.01"]

1. e4 e6 2. d4 d5 3. Nc3 Bb4 4. e5 c5 5. a3 Ba5 6. b4 cxd4 7. Nb5 Bc7 8. f4 Bd7
9. Nxc7+ Qxc7 10. Nf3 Ba4 11. Bd3 Ne7 12. O-O Qb6 13. Kh1 Bb5 14. Nxd4 Bxd3 15.
Qxd3 Nbc6 16. Be3 Nxd4 17. Bxd4 Qc6 18. Rac1 b6 19. b5 Qc4 20. Bc3 Nf5 21. g4
Qxd3 22. cxd3 Ne3 23. Rg1 h5 24. Rg3 Nxg4 25. Bb4 Kd7 26. h3 Nh6 27. Rxg7 Rag8
28. Rxg8 Rxg8 29. Bd6 Rc8 30. Rxc8 Kxc8 31. Kg2 Nf5 32. Bb4 Kb7 33. a4 a6 34.
Bf8 axb5 35. axb5 Kc7 36. Bb4 Kd7 37. Bc3 Ke8 38. Bb4 Kd7 39. Bc3 Ke8 40. Be1
Kd7 1/2-1/2

[Event "TCh-RUS HL 2019"]
[Site "Sochi RUS"]
[Date "2019.05.08"]
[Round "7.1"]
[Board "2"]
[White "Potapov, Pavel"]
[Black "Yeletsky, Ivan"]
[Result "1/2-1/2"]
[WhiteTitle "GM"]
[BlackTitle "FM"]
[WhiteElo "2492"]
[BlackElo "2422"]
[WhiteTeam "Yamal (YaNAO)"]
[BlackTeam "Krym Nash"]
[WhiteFideId "4169786"]
[BlackFideId "24180327"]
[EventDate "2019.05.01"]

1. e4 c5 2. c3 Nf6 3. e5 Nd5 4. Nf3 d6 5. d4 cxd4 6. cxd4 Nc6 7. Bc4 Nb6 8. Bb5
dxe5 9. Nxe5 Bd7 10. Nxd7 Qxd7 11. Nc3 e6 12. O-O Be7 13. Qg4 O-O 14. Rd1 f5 15.
Qf3 a6 16. Bxc6 Qxc6 17. Qxc6 bxc6 18. Bf4 Rfc8 19. Kf1 Kf7 20. Rac1 a5 21. Rc2
a4 22. Ke2 Ke8 23. h3 Kd7 24. Be5 g6 25. Kd3 Ra7 26. f3 Rb7 27. Rdc1 Bb4 28. Ne2
Be7 29. Nc3 Bb4 30. Ne2 Be7 31. Nc3 Bb4 32. Ne2 1/2-1/2

[Event "TCh-RUS HL 2019"]
[Site "Sochi RUS"]
[Date "2019.05.08"]
[Round "7.1"]
[Board "3"]
[White "Vastrukhin, Oleg"]
[Black "Belyakov, Bogdan"]
[Result "1/2-1/2"]
[BlackTitle "IM"]
[WhiteElo "2404"]
[BlackElo "2460"]
[WhiteTeam "Krym Nash"]
[BlackTeam "Yamal (YaNAO)"]
[WhiteFideId "4192770"]
[BlackFideId "24104795"]
[EventDate "2019.05.01"]

1. Nf3 Nf6 2. d4 g6 3. Nc3 d5 4. Bf4 c6 5. e3 Nbd7 6. Be2 Nh5 7. Bg5 h6 8. Bh4
Bg7 9. g4 Nhf6 10. h3 a5 11. Bg3 a4 12. Ne5 a3 13. b4 h5 14. g5 Nh7 15. h4 Nxe5
16. Bxe5 Bxe5 17. dxe5 Nf8 18. Rb1 Ne6 19. Qd2 d4 20. exd4 Qxd4 21. Qxd4 Nxd4
22. f4 Nxc2+ 23. Kf2 Nd4 24. Rbd1 Nxe2 25. Nxe2 Bg4 26. Rd2 O-O 27. Nd4 Rfd8 28.
Ke3 f6 29. Rc1 fxe5 30. fxe5 Rd5 31. Rc5 Rad8 32. Nb3 Rxd2 33. Nxd2 Be6 34. Ra5
Bxa2 35. Rxa3 Bd5 36. Ra7 Rb8 37. Kd4 Kf7 38. b5 cxb5 39. Kxd5 Rd8+ 40. Ke4 Rxd2
41. Rxb7 Re2+ 42. Kd5 Rd2+ 43. Ke4 Re2+ 1/2-1/2

[Event "TCh-RUS HL 2019"]
[Site "Sochi RUS"]
[Date "2019.05.08"]
[Round "7.1"]
[Board "4"]
[White "Savitskiy, Sergey"]
[Black "Derjabin, Ilja"]
[Result "1-0"]
[WhiteTitle "IM"]
[BlackTitle "IM"]
[WhiteElo "2411"]
[BlackElo "2345"]
[WhiteTeam "Yamal (YaNAO)"]
[BlackTeam "Krym Nash"]
[WhiteFideId "24105660"]
[BlackFideId "14104768"]
[EventDate "2019.05.01"]

1. e4 c5 2. Nf3 e6 3. d4 d5 4. exd5 exd5 5. Bb5+ Nc6 6. O-O Bd6 7. c4 Ne7 8.
cxd5 Nxd5 9. Nc3 Nxc3 10. Qe1+ Be7 11. Qxc3 O-O 12. dxc5 Bg4 13. Bxc6 bxc6 14.
Ne5 Bf6 15. Qg3 Bxe5 16. Qxe5 Re8 17. Qd6 Qc8 18. Bf4 Be6 19. Rfd1 Bd5 20. Rxd5
cxd5 21. Qxd5 Qa6 22. h3 Qf6 23. Bd6 Qxb2 24. Rd1 Rac8 25. c6 Qc3 26. c7 Re1+
27. Kh2 Rxd1 28. Qxd1 Qf6 29. Bg3 Re8 30. Qa4 Qe6 31. Qxa7 h5 32. h4 g5 33. hxg5
h4 34. Bf4 Qf5 35. Bd6 Kg7 36. Qc5 Qxc5 37. Bxc5 Rc8 38. Bd6 Kg6 39. f4 Kf5 40.
Kh3 Ke6 41. Be5 Kd7 42. Kxh4 Ra8 43. Kh5 Rxa2 44. Kh6 Rc2 45. Kg7 Ke6 46. g4 Rc1
47. Kf8 Rc2 48. Kg7 Rc1 49. g6 fxg6 50. Kxg6 1-0

[Event "TCh-RUS HL 2019"]
[Site "Sochi RUS"]
[Date "2019.05.08"]
[Round "7.2"]
[Board "1"]
[White "Lugovskoy, Maxim"]
[Black "Korneev, Oleg"]
[Result "1/2-1/2"]
[WhiteTitle "GM"]
[BlackTitle "GM"]
[WhiteElo "2445"]
[BlackElo "2530"]
[WhiteTeam "Sochi (Krasnodar Territory)"]
[BlackTeam "KPRF (Moscow)"]
[WhiteFideId "24126454"]
[BlackFideId "4156803"]
[EventDate "2019.05.01"]

1. e4 e5 2. Nf3 Nc6 3. Nc3 Nf6 4. d4 exd4 5. Nxd4 Bb4 6. Nxc6 bxc6 7. Bd3 d5 8.
exd5 cxd5 9. O-O O-O 10. h3 c6 11. Qf3 Bd6 12. Bf4 Rb8 13. b3 Qc7 14. Bxd6 Qxd6
15. Qg3 Qxg3 16. fxg3 Be6 17. Na4 Nd7 18. g4 g6 19. Bf5 Rfe8 20. Rad1 Nb6 21.
Bxe6 Rxe6 22. Nc5 Re2 23. Rf2 Rbe8 24. a4 Rxf2 25. Kxf2 Re7 26. c4 a5 27. cxd5
cxd5 28. Re1 Rc7 29. Re8+ Kg7 30. Rb8 Rxc5 31. Rxb6 d4 32. Rb5 Rc3 33. Ke1 h6
34. h4 Rg3 35. g5 hxg5 36. hxg5 f5 37. Rxa5 Rxb3 38. Ra7+ Kf8 39. a5 Ra3 40. Kd2
f4 41. Ra6 Kg7 42. Ra7+ Kf8 1/2-1/2

[Event "TCh-RUS HL 2019"]
[Site "Sochi RUS"]
[Date "2019.05.08"]
[Round "7.2"]
[Board "2"]
[White "Kornev, Alexei"]
[Black "Oganian, Miran"]
[Result "1-0"]
[WhiteTitle "GM"]
[BlackTitle "IM"]
[WhiteElo "2490"]
[BlackElo "2415"]
[WhiteTeam "KPRF (Moscow)"]
[BlackTeam "Sochi (Krasnodar Territory)"]
[WhiteFideId "4120949"]
[BlackFideId "4122488"]
[EventDate "2019.05.01"]

1. d4 Nf6 2. c4 e6 3. Nc3 Bb4 4. e3 O-O 5. Bd3 d5 6. Nf3 c5 7. O-O dxc4 8. Bxc4
cxd4 9. exd4 b6 10. Bg5 Bb7 11. Rc1 Bxc3 12. bxc3 Nbd7 13. Re1 Qc7 14. Bd3 Rfe8
15. Bh4 Nf8 16. Bxf6 gxf6 17. Be4 Rac8 18. c4 Ng6 19. Bxb7 Qxb7 20. Qd2 Qa6 21.
c5 Red8 22. h4 Rxc5 23. Rxc5 bxc5 24. h5 cxd4 25. hxg6 fxg6 26. Qc2 e5 27. Qc7
Qb6 28. Qe7 Rf8 29. Rc1 Rf7 30. Rc8+ Kg7 31. Qe8 Qb1+ 32. Kh2 Qb7 33. Kg3 Qe7
34. Qg8+ Kh6 35. Rc1 1-0

[Event "TCh-RUS HL 2019"]
[Site "Sochi RUS"]
[Date "2019.05.08"]
[Round "7.2"]
[Board "3"]
[White "Zakaryan, David"]
[Black "Chernyshov, Konstantin"]
[Result "1/2-1/2"]
[WhiteTitle "FM"]
[BlackTitle "GM"]
[WhiteElo "2350"]
[BlackElo "2461"]
[WhiteTeam "Sochi (Krasnodar Territory)"]
[BlackTeam "KPRF (Moscow)"]
[WhiteFideId "24101923"]
[BlackFideId "4117328"]
[EventDate "2019.05.01"]

1. d4 e6 2. e4 d5 3. Nc3 dxe4 4. Nxe4 Nd7 5. Nf3 Ngf6 6. Nxf6+ Nxf6 7. Be3 Be7
8. Bd3 O-O 9. Qe2 b6 10. O-O-O Bb7 11. Ne5 Qc8 12. f4 c5 13. dxc5 Bxc5 14. Rhf1
Qc7 15. g4 Nd5 16. Bxc5 Qxc5 17. Rf3 Rad8 18. g5 Nb4 19. Bxh7+ Kxh7 20. Rh3+ Kg8
21. Rxd8 Rxd8 22. Rh8+ Kxh8 23. Qh5+ Kg8 24. Qxf7+ Kh8 25. Qh5+ Kg8 26. Qf7+ Kh8
27. Qh5+ Kg8 28. Qf7+ 1/2-1/2

[Event "TCh-RUS HL 2019"]
[Site "Sochi RUS"]
[Date "2019.05.08"]
[Round "7.2"]
[Board "4"]
[White "Yagupov, Igor"]
[Black "Utnasunov, Alexander"]
[Result "1/2-1/2"]
[WhiteTitle "GM"]
[WhiteElo "2391"]
[BlackElo "2437"]
[WhiteTeam "KPRF (Moscow)"]
[BlackTeam "Sochi (Krasnodar Territory)"]
[WhiteFideId "4113632"]
[BlackFideId "4134524"]
[EventDate "2019.05.01"]

1. e4 c5 2. Nf3 d6 3. d4 cxd4 4. Nxd4 Nf6 5. Nc3 g6 6. Be3 a6 7. f3 b5 8. Qd2
Bb7 9. a4 b4 10. Na2 e5 11. Nb3 d5 12. Bg5 Nbd7 13. exd5 Qb6 14. O-O-O Bxd5 15.
Kb1 h6 16. Be3 Qe6 17. Nac1 h5 18. h4 Be7 19. Bh6 Rc8 20. Bg7 Rh7 21. Bxf6 Nxf6
22. Bd3 e4 23. fxe4 Nxe4 24. Qe2 f5 25. Bxa6 Rd8 26. Nd4 Qf6 27. Rhe1 Kf8 28.
Nf3 Nc5 29. Ng5 Rg7 30. Bb5 Ne4 31. Bc4 Bxc4 32. Qxc4 Rxd1 33. Rxd1 Nxg5 34.
hxg5 Qxg5 35. Qc8+ Kf7 36. Qc4+ Kf8 37. Qc8+ Kf7 38. Qc4+ Kf8 39. Qc8+ Kf7 1/2-1/2

[Event "TCh-RUS HL 2019"]
[Site "Sochi RUS"]
[Date "2019.05.08"]
[Round "7.3"]
[Board "1"]
[White "Rychagov, Andrey"]
[Black "Zakhartsov, Vladimir"]
[Result "1/2-1/2"]
[WhiteTitle "GM"]
[BlackTitle "GM"]
[WhiteElo "2548"]
[BlackElo "2471"]
[WhiteTeam "Botvinnik School (Moscow)"]
[BlackTeam "Grandmaster Academy / Chess-trans"]
[WhiteFideId "4119932"]
[BlackFideId "4145097"]
[EventDate "2019.05.01"]

1. d4 d5 2. c4 c6 3. cxd5 cxd5 4. Nc3 Nc6 5. Nf3 Nf6 6. Bf4 Nh5 7. Bd2 Nf6 8.
Bf4 Nh5 9. Bd2 Nf6 10. Bf4 e6 1/2-1/2

[Event "TCh-RUS HL 2019"]
[Site "Sochi RUS"]
[Date "2019.05.08"]
[Round "7.3"]
[Board "2"]
[White "Glek, Igor"]
[Black "Novikov, Stanislav"]
[Result "1-0"]
[WhiteTitle "GM"]
[BlackTitle "GM"]
[WhiteElo "2464"]
[BlackElo "2535"]
[WhiteTeam "Grandmaster Academy / Chess-trans"]
[BlackTeam "Botvinnik School (Moscow)"]
[WhiteFideId "4100484"]
[BlackFideId "4125371"]
[EventDate "2019.05.01"]

1. e4 c5 2. Nf3 e6 3. c3 Nf6 4. e5 Nd5 5. g3 Nc6 6. Bg2 d6 7. exd6 Bxd6 8. O-O
O-O 9. d4 h6 10. dxc5 Bxc5 11. Qe2 Qc7 12. c4 Nf6 13. Bf4 e5 14. Nxe5 Nd4 15.
Qd2 Ne6 16. Ng6 Nxf4 17. Nxf4 Rd8 18. Nd5 Nxd5 19. cxd5 Bf5 20. Nc3 Qd7 21. Rfe1
Re8 22. a3 a6 23. Rad1 Bd6 24. Rxe8+ Rxe8 25. Re1 Re7 26. h4 Qe8 27. Rxe7 Qxe7
28. Nd1 Qc7 29. Ne3 Bd7 30. Be4 Qc8 31. Kg2 Kf8 32. Bf3 Kg8 33. Be2 b5 34. Bf3
Bh3+ 35. Kh2 Bd7 36. Nc2 Qc4 37. Kg2 Be5 38. Nb4 Qc8 39. Nc6 Bd6 40. Qe3 Qc7 41.
Qe4 Qb6 42. Bg4 Bxc6 43. dxc6 Qd8 44. b4 Bc7 45. Qf5 Bb6 46. Qc8 Qxc8 47. Bxc8
a5 48. Ba6 axb4 49. axb4 Kf8 50. Bxb5 Ke7 51. Bc4 f6 52. h5 Kd6 53. b5 Ke5 54.
Kf3 f5 55. Bg8 Ba5 56. Bh7 Bb6 57. Bg6 Ba5 58. Ke3 Bb6+ 59. Kd3 Kd6 60. Ke2 Kc5
61. Bxf5 Kxb5 62. Bd7 Kc5 63. f4 Kd6 64. Kf3 Ba5 65. Ke4 Be1 66. g4 Bd2 67. Kf5
Bc1 68. g5 Bd2 69. gxh6 gxh6 70. Ke4 Bc1 71. f5 Bb2 72. Kd3 Bf6 73. Kc4 Bh4 74.
Kb5 Bd8 75. Be6 Bc7 76. Bb3 Bd8 77. Bc2 Kd5 78. Bd3 Bc7 79. Bc4+ Ke5 80. Be6 Kd6
81. Bf7 Bd8 82. Bg6 Kc7 83. Kc5 Bf6 84. Kd5 Bb2 85. Be8 Kd8 86. Ke4 1-0